La temática existencial en Ernesto Sábato

Đã lưu trong:
Chi tiết về thư mục
Tác giả chính: Arrieta Molina, Jeannette
Định dạng: Sách
Ngôn ngữ:Undetermined
Được phát hành: San José, Costa Rica Escuela de Filosofía, Universidad de Costa Rica 1978
Những chủ đề:
Các nhãn: Thêm thẻ
Không có thẻ, Là người đầu tiên thẻ bản ghi này!

MARC

LEADER 00000nam a2200000Ia 4500
008 170316s9999 xx 000 0 und d
040 |a cru BVZT 
090 |a TESIS 265 
100 |a Arrieta Molina, Jeannette 
245 |a La temática existencial en Ernesto Sábato 
260 |a San José, Costa Rica 
260 |b Escuela de Filosofía, Universidad de Costa Rica 
260 |c 1978 
300 |a 104 páginas 
650 |a FILOSOFÍA 
650 |a EXISTENCIALISMO 
650 |a NOVELA 
650 |a ERNESTO SABATO 
999 |c 13883  |d 13883 
942 |c 15 D  |h TESIS 265  |2 z